Advanced operating systems and kernel applications : techniques and technologies (Record no. 10618)

000 -LEADER
fixed length control field 00639 a2200193 4500
020 ## - INTERNATIONAL STANDARD BOOK NUMBER
International Standard Book Number 9781605668505 (hbk.)
020 ## - INTERNATIONAL STANDARD BOOK NUMBER
International Standard Book Number 1605668508 (hbk.)
020 ## - INTERNATIONAL STANDARD BOOK NUMBER
International Standard Book Number 9781605668505
020 ## - INTERNATIONAL STANDARD BOOK NUMBER
International Standard Book Number 9781605668505
040 ## - CATALOGING SOURCE
Original cataloging agency DLC
Language of cataloging DLC
082 00 - DEWEY DECIMAL CLASSIFICATION NUMBER
Classification number 005.432
245 00 - TITLE STATEMENT
Title Advanced operating systems and kernel applications : techniques and technologies
Remainder of title techniques and technologies
Statement of responsibility, etc. Yair Wiseman,
260 ## - PUBLICATION, DISTRIBUTION, ETC.
Place of publication, distribution, etc. Hershey, PA :
Name of publisher, distributor, etc. Information Science Reference,
Date of publication, distribution, etc. c2010.
300 ## - PHYSICAL DESCRIPTION
Extent xviii, 320 p. :
Other physical details ill. ;
Dimensions 29 cm.
650 #0 - SUBJECT ADDED ENTRY--TOPICAL TERM
Topical term or geographic name entry element Operating systems (Computers)
700 1# - ADDED ENTRY--PERSONAL NAME
Personal name Wiseman, Yair,
700 1# - ADDED ENTRY--PERSONAL NAME
Personal name Wiseman, Yair,
942 ## - ADDED ENTRY ELEMENTS (KOHA)
Koha item type Book
Call number prefix 005.432 WIS
Source of classification or shelving scheme
Holdings
Withdrawn status Lost status Damaged status Not for loan Collection code Permanent Location Current Location Shelving location Date acquired Source of acquisition Cost, normal purchase price Total Checkouts Full call number Barcode Date last seen Price effective from Koha item type Date last checked out
          Central Library (CL) Central Library (CL) First Floor - Operating System/ Data Structure 11/02/2011 Progressive International Agencies 12810.33   005.432 WIS SEECS010643 11/14/2012 01/05/2017 Book  
          Central Library (CL) Central Library (CL) First Floor - Operating System/ Data Structure 11/02/2011 Progressive International Agencies 12810.33   005.432 WIS SEECS010644 11/14/2012 01/05/2017 Book  
          Central Library (CL) Central Library (CL) First Floor - Operating System/ Data Structure 11/21/2011 Progressive International Agencies 12810.42   005.432 WIS SEECS010674 11/14/2012 01/05/2017 Book  
          Central Library (CL) Central Library (CL) First Floor - Operating System/ Data Structure 11/21/2011 Progressive International Agencies 12810.42   005.432 WIS SEECS010675 11/14/2012 01/05/2017 Book  
          Central Library (CL) Central Library (CL) First Floor - Operating System/ Data Structure 11/21/2011 Progressive International Agencies 12810.42   005.432 WIS SEECS010676 11/14/2012 01/05/2017 Book  
          Central Library (CL) Central Library (CL) First Floor - Operating System/ Data Structure 11/21/2011 Progressive International Agencies 12810.42   005.432 WIS SEECS010677 11/14/2012 01/05/2017 Book  
          Central Library (CL) Central Library (CL) First Floor - Operating System/ Data Structure 11/21/2011 Progressive International Agencies 12810.42   005.432 WIS SEECS010678 11/14/2012 01/05/2017 Book  
          Central Library (CL) Central Library (CL) First Floor - Operating System/ Data Structure 11/21/2011 Progressive International Agencies 12810.42   005.432 WIS SEECS010679 11/14/2012 01/05/2017 Book  
          Central Library (CL) Central Library (CL) First Floor - Operating System/ Data Structure 11/21/2011 Progressive International Agencies 12810.42 1 005.432 WIS SEECS010680 09/23/2019 01/05/2017 Book 09/04/2019
          NUST Baluchistan Campus (NBC) NUST Baluchistan Campus (NBC) First Floor - Operating System/ Data Structure 11/02/2011 Progressive International Agencies 12810.33   005.432 WIS SEECS010645 11/14/2012 01/05/2017 Book  
© 2023 Central Library, National University of Sciences and Technology. All Rights Reserved.